| 000 | 00504nam a2200169Ia 4500 | ||
|---|---|---|---|
| 008 | 090201s9999 xx 000 0 und d | ||
| 010 | _aKPL-73445 | ||
| 040 | _bमराठी | ||
| 041 | _aमराठी | ||
| 082 |
_a53929 _b73445 |
||
| 100 | _aअंनत तिबिले | ||
| 245 |
_aयोगायोग _cअंनत तिबिले |
||
| 260 |
_c2003 _bगीता एजन्सीज |
||
| 300 |
_a184 _bमध्यम |
||
| 600 | _aयोगायोग | ||
| 942 | _cBOOK | ||
| 999 |
_c250340 _d250340 |
||